| 000 -LEADER |
| fixed length control field |
00627nam a22001577a 4500 |
| 020 ## - INTERNATIONAL STANDARD BOOK NUMBER |
| ISBN |
9781789064919 |
| 082 ## - DEWEY DECIMAL CLASSIFICATION NUMBER |
| Classification number |
352.14 |
| Item number |
V344 2025 |
| 100 ## - MAIN ENTRY--AUTHOR NAME |
| Personal name |
Vathanan, G. Mathi, author. |
| 245 ## - TITLE STATEMENT |
| Title |
Decentralisation and empowerment the odisha model for urban development / G. Mathi Vathanan, author., Shubhagato Dasgupta, author. |
| 260 ## - PUBLICATION, DISTRIBUTION, ETC. (IMPRINT) |
| Place of publication |
London, UK : |
| Name of publisher |
IWA Publishing |
| Year of publication |
©2025 |
| 300 ## - PHYSICAL DESCRIPTION |
| Number of Pages |
1 online resources, xxii, 234 pages. : |
| Other physical details |
illustrations (some color). |
| 500 ## - GENERAL NOTE |
| General note |
Includes bibliographical references and index. |
| 650 ## - SUBJECT ADDED ENTRY--TOPICAL TERM |
| Topical Term |
Decentralization in government. |
| 700 ## - ADDED ENTRY--PERSONAL NAME |
| Personal name |
Dasgupta, Shubhagato, author. |
| 942 ## - ADDED ENTRY ELEMENTS (KOHA) |
| Koha item type |
Electronic Books |